000 00648nam a2200217Ia 4500
005 20260429111925.0
008 260429s9999||||xx |||||||||||||| ||und||
020 _a9789394262362
041 _aEnglish
082 _a954
_bTOR
100 _aTorri, Michelguglielmo
245 0 _aHistory of India :
_bfrom the Nehru era to the neoliberal age (1947-2014), Vol. 3 /
_cMichelguglielmo Torri
250 _a1st ed.
260 _aNew Delhi :
_bManohar Publishers and Distributors,
_c2024.
300 _a358 p.; hb
440 _vVol. 3
650 _a Modern India
650 _a Post-independence India
650 _aIndia-History
942 _cTB
999 _c51447
_d51447